[Event "AUTO-BEG-127"]
[Site "http://www.queenalice.com/game.php?id=303689"]
[Date "2007.11.14"]
[Round "2"]
[White "Uelinton"]
[Black "PromotedPawn"]
[Result "0-1"]
[WhiteElo "1489"]
[BlackElo "1707"]

1. e4 e5 2. Nf3 Nc6 3. Bb5 Nf6 4. Bxc6 dxc6 5. Nc3 Bd6 6. O-O Bg4 7. h3 Be6 8.
d4 exd4 9. Nxd4 Bc4 10. Re1 Bc5 11. Nf5 O-O 12. Qxd8 Raxd8 13. e5 Rfe8 14. Bf4
Nh5 15. Bg5 Rd7 16. Ne4 Bb6 0-1

[Event "AUTO-BEG-127"]
[Site "http://www.queenalice.com/game.php?id=303690"]
[Date "2007.11.14"]
[Round "2"]
[White "PromotedPawn"]
[Black "Uelinton"]
[Result "1-0"]
[WhiteElo "1699"]
[BlackElo "1497"]

1. e4 e5 2. Nf3 Nc6 3. Bb5 Nf6 4. O-O Bc5 5. Nxe5 Nxe5 6. d4 O-O 7. dxc5 Nxe4 8.
Qe2 f5 9. Bf4 Ng6 10. Bc4+ d5 11. cxd6+ Kh8 12. dxc7 Qd4 13. Bg3 Nxg3 14. hxg3
Bd7 15. Rd1 Qxb2 16. Nd2 Qxc2 17. Rab1 1-0

[Event "Challenge"]
[Site "http://www.queenalice.com/game.php?id=311819"]
[Date "2007.11.28"]
[Round "-"]
[White "Uelinton"]
[Black "Martino"]
[Result "0-1"]
[WhiteElo "1621"]
[BlackElo "1940"]

1. e4 c5 2. Nf3 d6 3. Bb5+ Bd7 4. Bxd7+ Nxd7 5. c3 g6 6. d4 Bg7 7. O-O Ngf6 8.
e5 dxe5 9. dxe5 Ng4 10. e6 Ndf6 11. exf7+ Kxf7 12. Ng5+ Kg8 13. Nd2 Qd5 14. Nde4
Rd8 15. Nxf6+ Nxf6 16. Qe2 e5 17. Rd1 Qxd1+ 18. Qf1 Qxf1+ 19. Kxf1 Rd1+ 20. Ke2
Rh1 21. h3 Bh6 22. h4 Bxg5 23. hxg5 Nd5 24. c4 Nb4 25. a3 Nc6 26. b3 Nd4+ 27.
Kd3 Kf7 28. Bb2 Rxa1 29. Bxa1 Ke6 30. g3 Rf8 31. b4 b6 32. a4 Rxf2 33. a5 Rf3+
34. Ke4 Rxg3 35. axb6 axb6 36. bxc5 bxc5 37. Bb2 Rxg5 38. Ba3 Rg4+ 39. Kd3 Rg3+
40. Ke4 Nb3 41. Bb2 Nd2# 0-1

[Event "Challenge"]
[Site "http://www.queenalice.com/game.php?id=314301"]
[Date "2007.12.3"]
[Round "-"]
[White "eduardofelix"]
[Black "Uelinton"]
[Result "1-0"]
[WhiteElo "1639"]
[BlackElo "1649"]

1. d4 d5 2. e3 Nf6 3. h3 a6 4. Nf3 Nc6 5. c3 e5 6. Qa4 b5 7. Qc2 exd4 8. cxd4 g6
9. Qxc6+ Bd7 10. Qc2 Bg7 11. Qc5 Be6 12. Bd3 Ne4 13. Bxe4 dxe4 14. Qc6+ Bd7 15.
Qxe4+ Be6 16. Ng5 Qd7 17. Qxa8+ Qc8 18. Qc6+ Bd7 19. Qf3 O-O 20. O-O h6 21. Ne4
Bf5 22. Nbd2 Re8 23. a4 Qb7 24. Nc5 Qxf3 25. Nxf3 bxa4 26. Nxa6 Bd3 27. Nxc7 Rc8
28. Nd5 Bxf1 29. Ne7+ Kh8 30. Nxc8 Ba6 31. Nb6 Bb5 32. Nxa4 Bxa4 33. Rxa4 Bf6
34. e4 h5 35. e5 Bd8 36. Ra8 Kg7 37. Rxd8 f6 38. e6 f5 39. e7 Kf6 40. e8=Q 1-0

[Event "AUTO-OPEN-929"]
[Site "http://www.queenalice.com/game.php?id=317580"]
[Date "2007.12.9"]
[Round "1"]
[White "boonen"]
[Black "Uelinton"]
[Result "1-0"]
[WhiteElo "1719"]
[BlackElo "1602"]

1. b3 e5 2. Bb2 Nc6 3. e4 Nf6 4. Nc3 d5 5. exd5 Nxd5 6. Nxd5 Qxd5 7. Nf3 Bg4 8.
Be2 O-O-O 9. O-O Bxf3 10. Bxf3 Qxd2 11. Bxc6 Qxd1 12. Bxb7+ Kxb7 13. Raxd1 Rxd1
14. Rxd1 f6 15. g3 Bc5 16. Rd7 a5 17. Rxg7 Kb6 18. Rf7 h5 19. Rxf6+ Kb5 20. Bxe5
c6 21. a4+ Kb4 22. Rf4+ Ka3 23. Bxh8 Bd6 24. Rf5 1-0

[Event "AUTO-OPEN-929"]
[Site "http://www.queenalice.com/game.php?id=317581"]
[Date "2007.12.9"]
[Round "1"]
[White "Uelinton"]
[Black "boonen"]
[Result "0-1"]
[WhiteElo "1535"]
[BlackElo "1752"]

1. e4 g6 2. Bc4 Nc6 3. Nc3 Bg7 4. Nf3 Nf6 5. Ng5 Ne5 6. Bb3 O-O 7. d4 Nc6 8.
Nxf7 Rxf7 9. Bxf7+ Kxf7 10. Qf3 Nxd4 11. Qf4 Nxc2+ 12. Kd2 Nxa1 13. e5 Qf8 14.
exf6 Bxf6 15. Ne4 Ke8 16. Nxf6+ Qxf6 17. Qxf6 exf6 18. b3 d6 19. Bb2 Nxb3+ 20.
axb3 Kf7 21. Re1 Be6 22. Kc3 a5 23. f4 a4 24. bxa4 Rxa4 25. g3 Rc4+ 26. Kd3 b5
27. Rb1 Rxf4 28. gxf4 Bf5+ 0-1

[Event "AUTO-OPEN-929"]
[Site "http://www.queenalice.com/game.php?id=317596"]
[Date "2007.12.9"]
[Round "1"]
[White "erivaldoadao"]
[Black "Uelinton"]
[Result "1-0"]
[WhiteElo "1587"]
[BlackElo "1427"]

1. e4 e5 2. Nf3 Nc6 3. Bb5 a6 4. Ba4 Nf6 5. O-O d5 6. exd5 Qxd5 7. Nc3 Qc4 8. d3
Qe6 9. Bxc6+ Qxc6 10. Re1 Bd6 11. Bg5 O-O 12. Bxf6 gxf6 13. a4 Bf5 14. Qd2 Rae8
15. Rac1 e4 16. dxe4 Bxe4 17. Nd4 Qd7 18. Rxe4 Rxe4 19. Nxe4 Kh8 20. Nxf6 Qe7
21. Qh6 1-0

[Event "AUTO-OPEN-929"]
[Site "http://www.queenalice.com/game.php?id=317597"]
[Date "2007.12.9"]
[Round "1"]
[White "Uelinton"]
[Black "erivaldoadao"]
[Result "0-1"]
[WhiteElo "1408"]
[BlackElo "1603"]

1. e4 e5 2. Nf3 Nc6 3. a3 Nf6 4. Nc3 Bc5 5. Bc4 O-O 6. Ng5 a6 7. Nxf7 Rxf7 8.
Bxf7+ Kxf7 9. Nd5 Bxf2+ 10. Kxf2 Nxd5 11. exd5 Qf6+ 12. Ke3 Qf4+ 13. Ke2 Nd4+
14. Ke1 Qe4+ 15. Kf2 Qf5+ 16. Ke3 Qf4+ 17. Kd3 e4+ 18. Kc4 Qe5 19. Rf1+ Kg8 20.
d3 b5+ 21. Kc5 Ne6+ 0-1

[Event "AUTO-BEG-123"]
[Site "http://www.queenalice.com/game.php?id=323363"]
[Date "2007.12.20"]
[Round "2"]
[White "Uelinton"]
[Black "magalhaes"]
[Result "0-1"]
[WhiteElo "1400"]
[BlackElo "1790"]

1. e4 d5 2. exd5 Qxd5 3. Nc3 Qa5 4. Nf3 Nf6 5. Bb5+ Bd7 6. Nd4 Bxb5 7. Ndxb5 c6
8. b4 Qd8 9. Qf3 a6 10. Nd4 e5 11. Qe3 Qxd4 0-1

[Event "AUTO-BEG-123"]
[Site "http://www.queenalice.com/game.php?id=323364"]
[Date "2007.12.20"]
[Round "2"]
[White "magalhaes"]
[Black "Uelinton"]
[Result "1-0"]
[WhiteElo "1792"]
[BlackElo "1398"]

1. e4 e5 2. Nf3 Nc6 3. Bb5 Nf6 4. Nc3 a6 5. Ba4 Bc5 6. O-O d5 7. exd5 Nxd5 8.
Nxd5 Qxd5 9. Ng5 O-O 10. Bb3 Qd8 11. Qh5 1-0

[Event "AUTO-BEG-123"]
[Site "http://www.queenalice.com/game.php?id=323365"]
[Date "2007.12.20"]
[Round "2"]
[White "Uelinton"]
[Black "mrparkerpawn"]
[Result "0-1"]
[WhiteElo "1412"]
[BlackElo "1704"]

1. e4 c5 2. Nf3 Nc6 3. Nc3 e6 4. Bb5 a6 5. Bc4 Nf6 6. O-O b5 7. Bd3 Be7 8. b3
O-O 9. a4 Qa5 10. Bb2 bxa4 0-1

[Event "AUTO-BEG-123"]
[Site "http://www.queenalice.com/game.php?id=323366"]
[Date "2007.12.20"]
[Round "2"]
[White "mrparkerpawn"]
[Black "Uelinton"]
[Result "1-0"]
[WhiteElo "1699"]
[BlackElo "1417"]

1. d4 d5 2. e3 Nc6 3. Bd3 e5 4. c3 exd4 5. cxd4 Nf6 6. a3 Bg4 7. f3 Bh5 8. Nd2
g6 9. g4 Nxg4 10. fxg4 Qh4+ 11. Kf1 1-0

[Event "Challenge"]
[Site "http://www.queenalice.com/game.php?id=332564"]
[Date "2008.1.7"]
[Round "-"]
[White "Uelinton"]
[Black "koutouzov"]
[Result "0-1"]
[WhiteElo "1499"]
[BlackElo "1948"]

1. e4 e5 2. Nf3 Nc6 3. Nc3 Nf6 4. Bc4 Bc5 5. h3 O-O 6. Ng5 h6 7. Nxf7 Rxf7 8.
Bxf7+ Kxf7 9. Nd5 Nxd5 10. exd5 Qf6 0-1